000 00414nam a22001811a 4500
001 1099
003 OSt
005 20260204211721.0
008 040116s1992||||sp ||||||b||||||||||spa||
020 _a848673276x
050 _a372 P65t
082 _a372 P65t
245 _aPinocho: Trabajos manuales
264 _aEspaña : Cultural
300 _a4 tomos
650 _a1.Educación: PreescolarÌ
942 _2ddc
_cBK
999 _c1099
_d1099